| 000 | 00847nas a2200277 4500 | ||
|---|---|---|---|
| 001 | BR2010004726 | ||
| 003 | BR-BrBNA | ||
| 005 | 20231205114309.0 | ||
| 007 | ta | ||
| 008 | 230509b bl.|||p| |||| 00| 00por d | ||
| 040 |
_aBR-BrBNA _bpor _cBiblioteca Nacional de Agricultura |
||
| 041 | _a(En) | ||
| 072 | _aF08 | ||
| 100 | 1 | _aBalota, E.L. | |
| 100 | 1 | _aMachineski, O. | |
| 100 | 1 | _aTruber, P.V. | |
| 245 | 1 | _aSoil carbon and nitrogen mineralization caused by pig slurry application under different soil tillage systems | |
| 650 | _aPLANTIO DIRETO | ||
| 650 | _aRECICLAGEM | ||
| 650 | _aNUTRIENTE | ||
| 650 | _aSUÍNO | ||
| 650 | _aDEJETO | ||
| 773 | 0 |
_tPesquisa Agropecuária Brasileira (Brazil) _xISSN 0100-204X _g(May 2010), v. 45(5) p. 515-521 _wBR2010004726 |
|
| 909 |
_a202311 _bLúcia _c55 _dLúcia Elande |
||
| 942 |
_2AGRIS _n0 _cANA |
||
| 999 |
_c208087 _d208087 |
||